Geography starting with G - Statistics

General Stats
  • This quiz has been taken 46 times
  • The average score is 7 of 10
Answer Stats
Letters Clue Answer % Correct
4 City of the Pyramids Giza
98%
6 Sacred river of the Hindus Ganges
93%
5 African country that translates to the Warrior king Ghana
93%
9 Denmark's overseas territory Greenland
93%
13 Most populated Central American city Guatemala City
74%
12 African nation whose capital contains part of its name Guinea Bissau
72%
10 The capital of Guyana Georgetown
67%
8 Channel Island Guernsey
63%
11 Capital of Mexican state of Jalisco Guadalajara
51%
7 Isle of Spice Grenada
33%
No matching quizzes found
Score Distribution
Percent of People with Each Score
Percentile by Number Answered
Your Score History
You have not taken this quiz